| 000 | 00692nam a2200181 a 4500 | ||
|---|---|---|---|
| 008 | 160609s2011 ||||||||||||||||| || u | ||
| 020 | _a9781849731607 | ||
| 050 | _aQP 752 Ext | ||
| 100 | _aAdams, James D | ||
| 245 | 1 | 0 |
_aExtracellular and intracellular signaling _cEdited By James D. Adams and Keith K. Parker |
| 260 |
_aCambridge _bRSC Publishing _c2011 |
||
| 300 | _axiii, 303p.: ill. | ||
| 350 | _a213.00 | ||
| 490 | _aRSC Drug Discovery Series | ||
| 650 | _aCELLULAR SIGNAL TRANSDUCTION | ||
| 700 | _aParker, Keith K | ||
| 995 |
_FCBU-MAIN LIBRARY (Kitwe) _I213.00 _M1 _UAVAILABLE _WJul 21, 2016 _ZMain Library Open Access Collection |
||
| 999 |
_c43033 _d43033 |
||